Score 0/26 Timer 07:00
0 Plays Today
Member of Staff Subject Taught/Position % Correct
Severus SnapePotions
97.2%
Alecto and Amycus CarrowMuggle Studies
95.7%
Horace SlughornPotions
94.3%
Gilderoy LockhartDefence Against the Dark Arts
94%
Remus LupinDefence Against the Dark Arts
94%
Alastor MoodyDefence Against the Dark Arts
94%
Quirinus QuirrellDefence Against the Dark Arts
94%
Dolores UmbridgeDefence Against the Dark Arts
94%
Albus DumbledoreTransfiguration
91.8%
Minerva McGonagallTransfiguration
90.4%
FirenzeDivination
89%
Sybill TrelawneyDivination
89%
Pomona SproutHerbology
88.6%
Member of Staff Subject Taught/Position % Correct
Rubeus HagridCare of Magical Creatures
87.9%
Filius FlitwickCharms
87.5%
Rolanda HoochFlying
86.8%
Wilhelmina Grubbly-PlankCare of Magical Creatures
85.1%
Silvanus KettleburnCare of Magical Creatures
85.1%
Charity BurbageMuggle Studies
84.7%
Poppy PomfreyMatron
82.9%
Argus FilchCaretaker
82.2%
Aurora SinistraAstronomy
79.4%
Irma PinceLibrarian
74%
Septima VectorArithmancy
72.2%
Cuthbert BinnsHistory of Magic
71.2%
Bathsheda BabblingAncient Runes
69.8%
Remove Ads.
Support Sporcle.
Get the best of Sporcle when you Go Orange. This ad-free experience offers more features, more stats, and more fun while also helping to support Sporcle. Thank you for becoming a member.

You're not logged in!

Compare scores with friends on all Sporcle quizzes.
OR
Log In

Show Comments

Extras

Top Quizzes Today


Score Distribution

Your Account Isn't Verified!

In order to create a playlist on Sporcle, you need to verify the email address you used during registration. Go to your Sporcle Settings to finish the process.

Report this User

Report this user for behavior that violates our Community Guidelines.

Details: